Askaridový ileus

Bibliographic Details
Main Author: Bulla, Ján (Author)
Format: Article
Language:Slovak

MARC

LEADER 00000nab a2200000ua 4500
001 vtls010772656
003 SK-MaSNL
005 20260303123401.0
008 230214s1940 xo |||||||||||||||||slo|
035 |a (urnnbn)urn:nbn:sk:snk:ar-a0371e 
035 |a (uuid)4518ce33-6eee-478d-b645-f55e38ab3e46 
035 |a urn:nbn:sk:snk-ab53pg 
040 |a SNKBUCL  |b slo  |c SNKBUCL  |e AACR2 
041 0 |a slo 
044 |a xo  |c SK 
100 1 |a Bulla, Ján  |4 aut  |9 936852 
245 1 0 |a Askaridový ileus  |c Ján Bulla 
773 0 |t Bratislavské lekárske listy  |g Roč. 20, č. 4 (1940), s. 167-170 
954 |a odborná, vedecká literatúra pôvodná (slovenská)  |2 lita 
958 |a OND 
958 |a EUIPO 
958 |a article3 
999 |c 1925551  |d 1927481